[Event "32. Balaton Festival 2014 - GM"]
[Site "Balatonboglár"]
[Date "2014.06.14"]
[Round "1.1"]
[White "Gonda, Laszlo"]
[Black "Baumegger, Siegfried"]
[Result "0-1"]
[WhiteElo "2563"]
[BlackElo "2479"]
[PlyCount "80"]
[EventDate "2014.06.14"]
[EventType "tourn"]
[EventRounds "9"]
[EventCountry "HUN"]
[EventCategory "10"]
[Source "lmi"]
[SourceDate "2014.06.14"]

1. d4 Nf6 2. c4 e6 3. Nf3 d5 4. Nc3 Bb4 5. cxd5 exd5 6. Bg5 Nbd7 7. e3 c5 8.
Bd3 Qa5 9. O-O c4 10. Bc2 O-O 11. Ne5 Re8 12. f4 Bxc3 13. bxc3 Qxc3 14. Qe2 Qa3
15. Rab1 b5 16. e4 Qc3 17. Nc6 Nxe4 18. Rxb5 Ndf6 19. Bxe4 Nxe4 20. Ne7+ Rxe7
21. Bxe7 Qxd4+ 22. Kh1 Ba6 23. Ra5 Re8 24. Bc5 Qc3 25. Qe1 Nf2+ 26. Qxf2 Qxa5
27. Bd4 c3 28. Qg3 g6 29. Bxc3 Qxa2 30. Ra1 Qc2 31. h4 Bd3 32. Be5 Be4 33. Rxa7
f6 34. Bxf6 Bxg2+ 35. Kg1 Qd1+ 36. Kxg2 Re2+ 37. Kh3 Qf1+ 38. Kg4 Rg2 39. Rg7+
Kf8 40. Rxh7 Qf2 0-1

[Event "32. Balaton Festival 2014 - GM"]
[Site "Balatonboglár"]
[Date "2014.06.14"]
[Round "1.2"]
[White "Fernandez, Daniel Howard"]
[Black "Czebe, Attila"]
[Result "1-0"]
[WhiteElo "2377"]
[BlackElo "2411"]
[PlyCount "47"]
[EventDate "2014.06.14"]
[EventType "tourn"]
[EventRounds "9"]
[EventCountry "HUN"]
[EventCategory "10"]
[Source "lmi"]
[SourceDate "2014.06.14"]

1. g3 d5 2. Nf3 Bg4 3. Bg2 Nd7 4. c4 dxc4 5. Na3 g6 6. Nxc4 Bg7 7. O-O c6 8. h3
Bxf3 9. Bxf3 Nb6 10. Qc2 e5 11. Na5 Rb8 12. d4 Ne7 13. dxe5 Bxe5 14. Bh6 Qd4
15. Rad1 Qxb2 16. Qxb2 Bxb2 17. Bf4 Ra8 18. Rb1 Bf6 19. Nxb7 Ned5 20. Bh6 Ke7
21. Rfc1 Rac8 22. Rb3 Rc7 23. Na5 Be5 24. Nxc6+ 1-0

[Event "32. Balaton Festival 2014 - GM"]
[Site "Balatonboglár"]
[Date "2014.06.14"]
[Round "1.3"]
[White "Donchenko, Alexander"]
[Black "Varga, Zoltan"]
[Result "1/2-1/2"]
[WhiteElo "2492"]
[BlackElo "2464"]
[PlyCount "67"]
[EventDate "2014.06.14"]
[EventType "tourn"]
[EventRounds "9"]
[EventCountry "HUN"]
[EventCategory "10"]
[Source "lmi"]
[SourceDate "2014.06.14"]

1. d4 d5 2. c4 c6 3. Nf3 dxc4 4. e3 Be6 5. Qc2 Nf6 6. Bxc4 Bxc4 7. Qxc4 Qa5+ 8.
Nbd2 Qa6 9. b3 e6 10. O-O Be7 11. Qc2 Nbd7 12. Bb2 O-O 13. a3 c5 14. dxc5 Nxc5
15. Bxf6 gxf6 16. b4 Na4 17. Rfc1 Nb6 18. Qc7 Nd5 19. Qc4 Qxc4 20. Nxc4 f5 21.
Na5 Bf6 22. Ra2 Rab8 23. Kf1 Rfd8 24. Rac2 Kg7 25. Ke2 h5 26. Nd2 Rd7 27. g3 h4
28. e4 fxe4 29. Nxe4 hxg3 30. hxg3 Be7 31. Rc8 Rxc8 32. Rxc8 f5 33. Nc3 Nxc3+
34. Rxc3 1/2-1/2

[Event "32. Balaton Festival 2014 - GM"]
[Site "Balatonboglár"]
[Date "2014.06.15"]
[Round "2.1"]
[White "Baumegger, Siegfried"]
[Black "Varga, Zoltan"]
[Result "0-1"]
[WhiteElo "2479"]
[BlackElo "2464"]
[PlyCount "72"]
[EventDate "2014.06.14"]
[EventType "tourn"]
[EventRounds "9"]
[EventCountry "HUN"]
[EventCategory "10"]
[Source "lmi"]
[SourceDate "2014.06.14"]

1. d4 d5 2. c4 c6 3. Nf3 Nf6 4. Nc3 dxc4 5. a4 e6 6. Bg5 Bb4 7. e4 Bxc3+ 8.
bxc3 Qa5 9. e5 Ne4 10. Bd2 c5 11. Qc2 Nxd2 12. Qxd2 cxd4 13. cxd4 c3 14. Qc2
Nc6 15. Bb5 Bd7 16. O-O a6 17. Bd3 Rc8 18. Be4 Rc7 19. Rfc1 Nb4 20. Qb3 Nd5 21.
Bxd5 exd5 22. Ne1 O-O 23. Nd3 Rc4 24. Qxb7 Rxd4 25. Qxd7 Rxd3 26. Rab1 Qc5 27.
e6 fxe6 28. Qxe6+ Kh8 29. Qe2 Qd4 30. Rc2 h6 31. h3 Kh7 32. a5 Rf4 33. Rb6 Rd2
34. Rxd2 cxd2 35. Rb1 Re4 36. Qf1 Qc3 0-1

[Event "32. Balaton Festival 2014 - GM"]
[Site "Balatonboglár"]
[Date "2014.06.15"]
[Round "2.2"]
[White "Czebe, Attila"]
[Black "Donchenko, Alexander"]
[Result "1/2-1/2"]
[WhiteElo "2411"]
[BlackElo "2492"]
[PlyCount "125"]
[EventDate "2014.06.14"]
[EventType "tourn"]
[EventRounds "9"]
[EventCountry "HUN"]
[EventCategory "10"]
[Source "lmi"]
[SourceDate "2014.06.14"]

1. c4 c5 2. Nf3 Nf6 3. d4 cxd4 4. Nxd4 Nc6 5. Nc3 e6 6. g3 Qb6 7. Nb3 Ne5 8. e4
Bb4 9. Qe2 d6 10. f4 Nc6 11. Bg2 O-O 12. Be3 Bxc3+ 13. bxc3 Qc7 14. c5 dxc5 15.
Bxc5 Rd8 16. e5 Na5 17. exf6 Nxb3 18. axb3 Qxc5 19. Qe5 Qb6 20. Qg5 Qe3+ 21.
Kf1 Qd3+ 22. Kg1 Qg6 23. Be4 Qxf6 24. Qxf6 gxf6 25. Kf2 f5 26. Bf3 Kf8 27. b4
a6 28. Ra5 Ra7 29. c4 b6 30. Ra2 Rc7 31. Rc1 Rd4 32. Rac2 f6 33. b5 Rc5 34.
bxa6 Bxa6 35. Rb2 Rcxc4 36. Rxc4 Bxc4 37. Rxb6 Rd2+ 38. Kg1 Rd7 39. Rb7 Rxb7
40. Bxb7 Bd5 41. Ba6 Bf3 42. Kf2 Bg4 43. Ke3 Ke7 44. Bf1 Kd6 45. Ba6 h6 46. Bf1
Kc5 47. Bg2 Kc4 48. h3 Bd1 49. Bc6 Kc3 50. Be8 Bb3 51. Bg6 Bd5 52. Bh7 Bg2 53.
Bg8 e5 54. h4 Kc2 55. Bc4 Kd1 56. Bb5 Ke1 57. Bc4 Bf1 58. Be6 Bh3 59. Bc4 Bg4
60. Bb5 h5 61. Bc4 e4 62. Bb5 Be2 63. Bxe2 1/2-1/2

[Event "32. Balaton Festival 2014 - GM"]
[Site "Balatonboglár"]
[Date "2014.06.15"]
[Round "2.3"]
[White "Gonda, Laszlo"]
[Black "Fernandez, Daniel Howard"]
[Result "1/2-1/2"]
[WhiteElo "2563"]
[BlackElo "2377"]
[PlyCount "39"]
[EventDate "2014.06.14"]
[EventType "tourn"]
[EventRounds "9"]
[EventCountry "HUN"]
[EventCategory "10"]
[Source "lmi"]
[SourceDate "2014.06.14"]

1. Nf3 Nf6 2. c4 e6 3. g3 d5 4. Bg2 Be7 5. O-O O-O 6. d4 b6 7. cxd5 exd5 8. Nc3
Bb7 9. Bf4 Nbd7 10. Rc1 c6 11. Re1 Rc8 12. Bh3 Nh5 13. Bd2 f5 14. Qc2 g6 15.
Bh6 Ng7 16. Qd2 Nf6 17. Ne5 Ne4 18. Nxe4 dxe4 19. Red1 Bf6 20. f4 1/2-1/2

[Event "32. Balaton Festival 2014 - GM"]
[Site "Balatonboglár"]
[Date "2014.06.16"]
[Round "3.1"]
[White "Fernandez, Daniel Howard"]
[Black "Baumegger, Siegfried"]
[Result "1-0"]
[WhiteElo "2377"]
[BlackElo "2479"]
[PlyCount "87"]
[EventDate "2014.06.14"]
[EventType "tourn"]
[EventRounds "9"]
[EventCountry "HUN"]
[EventCategory "10"]
[Source "lmi"]
[SourceDate "2014.06.14"]

1. d4 Nf6 2. c4 e6 3. Nf3 d5 4. Nc3 Bb4 5. e3 O-O 6. cxd5 exd5 7. Bd2 c6 8. Be2
Bf5 9. O-O Bd6 10. Ne5 Nbd7 11. f4 Ne4 12. Nxe4 Bxe4 13. b4 Nb6 14. Qb3 f6 15.
Ng4 Qe7 16. b5 Rac8 17. Nf2 Bg6 18. bxc6 Rxc6 19. Bf3 Bf7 20. a4 Nc4 21. Bc1
Bb4 22. Ra2 Rfc8 23. Nd3 Bd6 24. Re2 Qd7 25. Bd2 Nxd2 26. Rxd2 Rc3 27. Qb5 Qxb5
28. axb5 Rb3 29. Ra1 Ra8 30. Rc1 Rxb5 31. Rdc2 Be6 32. Nc5 Bxc5 33. Rxc5 Rxc5
34. Rxc5 a5 35. f5 Bf7 36. Bd1 b6 37. Rc7 b5 38. Bb3 a4 39. Ba2 b4 40. Rxf7
Kxf7 41. Bxd5+ Ke7 42. Bxa8 Kd6 43. e4 g6 44. g4 1-0

[Event "32. Balaton Festival 2014 - GM"]
[Site "Balatonboglár"]
[Date "2014.06.16"]
[Round "3.2"]
[White "Donchenko, Alexander"]
[Black "Gonda, Laszlo"]
[Result "0-1"]
[WhiteElo "2492"]
[BlackElo "2563"]
[PlyCount "80"]
[EventDate "2014.06.14"]
[EventType "tourn"]
[EventRounds "9"]
[EventCountry "HUN"]
[EventCategory "10"]
[Source "lmi"]
[SourceDate "2014.06.14"]

1. d4 Nf6 2. c4 e6 3. Nc3 Bb4 4. e3 O-O 5. Nge2 c6 6. a3 Ba5 7. Ng3 d5 8. Bd3
dxc4 9. Bxc4 c5 10. dxc5 Bxc3+ 11. bxc3 Qxd1+ 12. Kxd1 Nbd7 13. a4 Nxc5 14. Ba3
Bd7 15. Bxc5 Rfc8 16. Bxe6 fxe6 17. Bd6 Rxc3 18. Kd2 Rc4 19. Rhb1 Bc6 20. Kd3
Rh4 21. Ke2 Rd8 22. Rb4 Rxb4 23. Bxb4 Bxg2 24. Bc5 Rc8 25. Bxa7 Rc2+ 26. Kd3
Rxf2 27. e4 Rf4 28. Re1 h5 29. Bb8 Rg4 30. Be5 h4 31. Bxf6 gxf6 32. Nf1 Kf7 33.
Nd2 f5 34. exf5 exf5 35. Nc4 Kf6 36. a5 Bc6 37. Nd6 Rg2 38. Rc1 Ke6 39. Nc4
Rxh2 40. Ne3 h3 0-1

[Event "32. Balaton Festival 2014 - GM"]
[Site "Balatonboglár"]
[Date "2014.06.16"]
[Round "3.3"]
[White "Varga, Zoltan"]
[Black "Czebe, Attila"]
[Result "1/2-1/2"]
[WhiteElo "2464"]
[BlackElo "2411"]
[PlyCount "40"]
[EventDate "2014.06.14"]
[EventType "tourn"]
[EventRounds "9"]
[EventCountry "HUN"]
[EventCategory "10"]
[Source "lmi"]
[SourceDate "2014.06.14"]

1. d4 d6 2. e4 g6 3. Nf3 Nf6 4. Bd3 Bg7 5. h3 O-O 6. O-O Nc6 7. c3 e5 8. Re1
Nh5 9. Bb5 Bd7 10. dxe5 Nxe5 11. Be2 Nf6 12. Bg5 h6 13. Nxe5 dxe5 14. Bxf6 Bxf6
15. Nd2 Qe7 16. Qb3 b6 17. Bc4 b5 18. Bf1 a5 19. Qc2 Bg7 20. Rad1 c6 1/2-1/2

[Event "32. Balaton Festival 2014 - GM"]
[Site "Balatonboglár"]
[Date "2014.06.17"]
[Round "4.1"]
[White "Baumegger, Siegfried"]
[Black "Czebe, Attila"]
[Result "1/2-1/2"]
[WhiteElo "2479"]
[BlackElo "2411"]
[PlyCount "141"]
[EventDate "2014.06.14"]
[EventType "tourn"]
[EventRounds "9"]
[EventCountry "HUN"]
[EventCategory "10"]
[Source "lmi"]
[SourceDate "2014.06.14"]

1. d4 Nf6 2. c4 c5 3. d5 e5 4. Nc3 d6 5. e4 Nbd7 6. Nf3 Be7 7. Be2 Nf8 8. Qc2
Ng6 9. g3 O-O 10. h4 Ne8 11. Bd3 Bg4 12. Nh2 Bd7 13. Be3 a6 14. h5 Nh8 15. f4
Nf6 16. Be2 b5 17. fxe5 dxe5 18. g4 Ne8 19. Nf3 Nd6 20. Nxe5 Re8 21. Nxd7 Qxd7
22. O-O Nxc4 23. Bxc4 Qxg4+ 24. Qg2 Qxg2+ 25. Kxg2 bxc4 26. Bf4 f6 27. d6 Bd8
28. Na4 Nf7 29. Nxc5 Bb6 30. Na4 Ba7 31. Rfe1 Rad8 32. Rad1 Ne5 33. Bxe5 Rxe5
34. h6 gxh6 35. Nc3 Kf7 36. Kf3 Ke6 37. Rh1 h5 38. Rd5 Rxd5 39. exd5+ Kxd6 40.
Rxh5 Bd4 41. Ne4+ Kc7 42. Rxh7+ Kb6 43. Nd2 c3 44. bxc3 Bxc3 45. Ne4 Rxd5 46.
Nxc3 Rd3+ 47. Ke4 Rxc3 48. Rf7 Rc6 49. Kd5 a5 50. a4 Rc5+ 51. Ke6 Rc4 52. Kxf6
Rxa4 53. Ke5 Rh4 54. Kd5 Kb5 55. Rb7+ Ka4 56. Rb1 Rb4 57. Ra1+ Kb5 58. Rc1 Rb3
59. Kd4 a4 60. Rc8 Kb4 61. Rb8+ Ka3 62. Ra8 Rb7 63. Kc3 Rc7+ 64. Kd2 Kb3 65.
Rb8+ Ka2 66. Rb6 a3 67. Rb8 Rh7 68. Kc1 Rc7+ 69. Kd2 Ka1 70. Kd1 a2 71. Kd2
1/2-1/2

[Event "32. Balaton Festival 2014 - GM"]
[Site "Balatonboglár"]
[Date "2014.06.17"]
[Round "4.2"]
[White "Gonda, Laszlo"]
[Black "Varga, Zoltan"]
[Result "1/2-1/2"]
[WhiteElo "2563"]
[BlackElo "2464"]
[PlyCount "29"]
[EventDate "2014.06.14"]
[EventType "tourn"]
[EventRounds "9"]
[EventCountry "HUN"]
[EventCategory "10"]
[Source "lmi"]
[SourceDate "2014.06.14"]

1. Nf3 d5 2. g3 c6 3. c4 Bg4 4. Bg2 e6 5. O-O Nf6 6. d3 Bd6 7. Nc3 O-O 8. Qb3
Qb6 9. Be3 Qxb3 10. axb3 a6 11. Nd2 Nbd7 12. h3 Bf5 13. g4 Bg6 14. f4 h6 15.
Ra4 1/2-1/2

[Event "32. Balaton Festival 2014 - GM"]
[Site "Balatonboglár"]
[Date "2014.06.17"]
[Round "4.3"]
[White "Fernandez, Daniel Howard"]
[Black "Donchenko, Alexander"]
[Result "0-1"]
[WhiteElo "2377"]
[BlackElo "2492"]
[PlyCount "90"]
[EventDate "2014.06.14"]
[EventType "tourn"]
[EventRounds "9"]
[EventCountry "HUN"]
[EventCategory "10"]
[Source "lmi"]
[SourceDate "2014.06.14"]

1. e4 c6 2. d4 d5 3. e5 Bf5 4. Nf3 e6 5. Be2 Ne7 6. O-O Nd7 7. Nh4 c5 8. c3 Be4
9. Nd2 Nc6 10. Nxe4 dxe4 11. g3 Be7 12. Ng2 Qb6 13. d5 Ncxe5 14. dxe6 Qxe6 15.
Qa4 c4 16. Nf4 Qc6 17. Qxc6 bxc6 18. b3 O-O 19. bxc4 Nb6 20. Re1 Rfd8 21. Be3
Nbxc4 22. Bxc4 Nxc4 23. Bd4 c5 24. Rxe4 cxd4 25. Rxe7 d3 26. Rd1 d2 27. Rb7 g5
28. Ne2 Rd3 29. Rb4 Rc8 30. Kf1 a5 31. Rb5 h6 32. a4 Re8 33. Rbb1 Re4 34. h3 h5
35. h4 g4 36. Nf4 Rf3 37. Kg2 Re5 38. Rb8+ Kg7 39. Rb5 Rxb5 40. axb5 a4 41.
Nxh5+ Kh6 42. b6 Nxb6 43. Rxd2 Kxh5 44. Rd6 Nc4 45. Rd5+ Kh6 0-1

[Event "32. Balaton Festival 2014 - GM"]
[Site "Balatonboglár"]
[Date "2014.06.17"]
[Round "5.1"]
[White "Donchenko, Alexander"]
[Black "Baumegger, Siegfried"]
[Result "1/2-1/2"]
[WhiteElo "2492"]
[BlackElo "2479"]
[PlyCount "187"]
[EventDate "2014.06.14"]
[EventType "tourn"]
[EventRounds "9"]
[EventCountry "HUN"]
[EventCategory "10"]
[Source "lmi"]
[SourceDate "2014.06.14"]

1. c4 e5 2. g3 Nf6 3. Bg2 c6 4. d4 exd4 5. Qxd4 d5 6. Nf3 Be6 7. O-O Nbd7 8.
cxd5 Bc5 9. Qd3 Bxd5 10. Nc3 Bxf3 11. Bxf3 O-O 12. Bg2 Qe7 13. Na4 Rfe8 14.
Nxc5 Nxc5 15. Qc2 Ne6 16. e3 Qc5 17. Qxc5 Nxc5 18. Rd1 Rad8 19. Bd2 Nfe4 20.
Ba5 b6 21. Rxd8 Rxd8 22. Be1 f5 23. g4 g6 24. gxf5 gxf5 25. Bf1 Kf7 26. Bc4+
Ke8 27. Rc1 Rd6 28. b4 Nd7 29. f3 Ng5 30. Be2 f4 31. h4 Ne6 32. Rc3 Ne5 33. Ra3
Rd7 34. Kf2 Re7 35. Bd2 Ng6 36. h5 fxe3+ 37. Rxe3 Ngf4 38. Bc4 Kd7 39. h6 Nd5
40. Re1 Rf7 41. Rg1 Kd6 42. Bd3 Ndf4 43. Bf1 c5 44. Rg8 Rf6 45. bxc5+ bxc5 46.
Kg3 Nh5+ 47. Kf2 Nhf4 48. Ra8 Rxh6 49. Bxf4+ Nxf4 50. Rxa7 Ke5 51. Re7+ Kd6 52.
Rf7 Nd5 53. a4 Rh2+ 54. Kg3 Ra2 55. Bb5 Nc3 56. Rd7+ Ke5 57. f4+ Kf6 58. Rxh7
Nxa4 59. Bc4 Rd2 60. Rf7+ Kg6 61. Kg4 Rd4 62. Be6 c4 63. Rc7 Nb2 64. Rc6 Nd3
65. Bxc4+ Kg7 66. Bxd3 Rxd3 67. Kf5 Rf3 68. Rc7+ Kh6 69. Rf7 Ra3 70. Re7 Rf3
71. Rd7 Rf1 72. Ke5 Kg6 73. Rd6+ Kf7 74. Kf5 Kg7 75. Rd2 Rf3 76. Rd7+ Kh6 77.
Ke4 Rf1 78. Kf5 Rf2 79. Re7 Rf1 80. Re4 Kg7 81. Rd4 Rf2 82. Rd1 Rf3 83. Rd7+
Kh6 84. Rd6+ Kg7 85. Rg6+ Kf7 86. Rc6 Kg7 87. Rc7+ Kh6 88. Ke4 Rf1 89. f5 Kg5
90. Rf7 Re1+ 91. Kd5 Rd1+ 92. Ke6 Re1+ 93. Kd6 Rf1 94. Ke6 1/2-1/2

[Event "32. Balaton Festival 2014 - GM"]
[Site "Balatonboglár"]
[Date "2014.06.17"]
[Round "5.3"]
[White "Czebe, Attila"]
[Black "Gonda, Laszlo"]
[Result "1-0"]
[WhiteElo "2411"]
[BlackElo "2563"]
[PlyCount "67"]
[EventDate "2014.06.14"]
[EventType "tourn"]
[EventRounds "9"]
[EventCountry "HUN"]
[EventCategory "10"]
[Source "lmi"]
[SourceDate "2014.06.14"]

1. c4 e5 2. Nc3 Nf6 3. a3 g6 4. d4 exd4 5. Qxd4 Bg7 6. Qe3+ Kf8 7. h4 d6 8. f3
Nc6 9. Qf2 Na5 10. e4 Nb3 11. Rb1 Nxc1 12. Rxc1 c6 13. Rd1 Qe7 14. Qd2 d5 15.
cxd5 cxd5 16. Be2 dxe4 17. fxe4 Be6 18. Qe3 Bb3 19. Rd2 h5 20. Nh3 Ng4 21. Bxg4
hxg4 22. Nf4 Rxh4 23. Nxg6+ fxg6 24. Qf2+ Bf6 25. Rxh4 g3 26. Qf3 Kg7 27. Rh1
Rc8 28. Qe3 Kg8 29. Nd5 Rc1+ 30. Ke2 Bc4+ 31. Kf3 Qf8 32. Rxc1 Bxd5 33. Qf4 Be6
34. e5 1-0

[Event "32. Balaton Festival 2014 - GM"]
[Site "Balatonboglár"]
[Date "2014.06.18"]
[Round "6.1"]
[White "Baumegger, Siegfried"]
[Black "Gonda, Laszlo"]
[Result "1/2-1/2"]
[WhiteElo "2479"]
[BlackElo "2563"]
[PlyCount "26"]
[EventDate "2014.06.14"]
[EventType "tourn"]
[EventRounds "9"]
[EventCountry "HUN"]
[EventCategory "10"]
[Source "lmi"]
[SourceDate "2014.06.14"]

1. d4 Nf6 2. c4 e6 3. Nc3 Bb4 4. Qc2 d5 5. cxd5 exd5 6. Bg5 c5 7. dxc5 h6 8.
Bh4 O-O 9. e3 Be6 10. Nf3 Nbd7 11. Be2 Rc8 12. O-O Rxc5 13. Rac1 Qb6 1/2-1/2

[Event "32. Balaton Festival 2014 - GM"]
[Site "Balatonboglár"]
[Date "2014.06.18"]
[Round "6.2"]
[White "Czebe, Attila"]
[Black "Fernandez, Daniel Howard"]
[Result "1/2-1/2"]
[WhiteElo "2411"]
[BlackElo "2377"]
[PlyCount "101"]
[EventDate "2014.06.14"]
[EventType "tourn"]
[EventRounds "9"]
[EventCountry "HUN"]
[EventCategory "10"]
[Source "lmi"]
[SourceDate "2014.06.14"]

1. c4 e6 2. Nf3 Nf6 3. g3 d5 4. Bg2 Be7 5. O-O O-O 6. b3 b6 7. Bb2 Bb7 8. e3
Nbd7 9. Nc3 Ne4 10. Nxe4 dxe4 11. Ne1 Nc5 12. d4 exd3 13. Bxb7 Nxb7 14. Nxd3
Bf6 15. Qf3 Nd6 16. Bxf6 Qxf6 17. Qxf6 gxf6 18. Rfd1 a5 19. Rac1 a4 20. Nb4
axb3 21. axb3 Ra3 22. Rd3 Ne4 23. Nc2 Ra2 24. b4 Rb2 25. f3 Nd6 26. c5 Nc4 27.
cxb6 cxb6 28. Rc3 Nd2 29. Nd4 Rxb4 30. R1c2 Nb1 31. Rc4 Rxc4 32. Rxc4 Ra8 33.
Rb4 Nc3 34. Rxb6 Nd5 35. Rb3 f5 36. Kf2 Ra2+ 37. Ne2 Kg7 38. h3 Kf6 39. f4 Kg7
40. Kf3 Nf6 41. Nc3 Rh2 42. e4 fxe4+ 43. Nxe4 Nxe4 44. Kxe4 Rxh3 45. f5 exf5+
46. Kxf5 h5 47. Kg5 Kh7 48. Rb5 Rxg3+ 49. Kxh5 Ra3 50. Kg5 Kg7 51. Rc5 1/2-1/2

[Event "32. Balaton Festival 2014 - GM"]
[Site "Balatonboglár"]
[Date "2014.06.18"]
[Round "6.3"]
[White "Varga, Zoltan"]
[Black "Donchenko, Alexander"]
[Result "1/2-1/2"]
[WhiteElo "2464"]
[BlackElo "2492"]
[PlyCount "73"]
[EventDate "2014.06.14"]
[EventType "tourn"]
[EventRounds "9"]
[EventCountry "HUN"]
[EventCategory "10"]
[Source "lmi"]
[SourceDate "2014.06.14"]

1. c4 Nf6 2. Nc3 c5 3. Nf3 e6 4. d4 cxd4 5. Nxd4 Nc6 6. Ndb5 d6 7. Bf4 e5 8.
Bg5 a6 9. Bxf6 gxf6 10. Na3 f5 11. e3 Bg7 12. Qd2 Be6 13. Be2 Qa5 14. O-O e4
15. Rac1 Be5 16. Nab1 O-O 17. b3 Kh8 18. f4 Bf6 19. Rfd1 Rfd8 20. Na4 Rab8 21.
Qxa5 Nxa5 22. Nb6 Rg8 23. Kf2 Bd8 24. Nd5 Nc6 25. Nbc3 Kg7 26. a3 Ne7 27. Nb4
Bc7 28. g4 fxg4 29. Nxe4 f5 30. Ng5 Bc8 31. c5 dxc5 32. Rxc5 Bb6 33. Rc4 Rd8
34. Rxc8 Rbxc8 35. Ne6+ Kf6 36. Nxd8 Rxd8 37. Rxd8 1/2-1/2

[Event "32. Balaton Festival 2014 - GM"]
[Site "Balatonboglár"]
[Date "2014.06.19"]
[Round "7.1"]
[White "Varga, Zoltan"]
[Black "Baumegger, Siegfried"]
[Result "1-0"]
[WhiteElo "2464"]
[BlackElo "2479"]
[PlyCount "81"]
[EventDate "2014.06.14"]
[EventType "tourn"]
[EventRounds "9"]
[EventCountry "HUN"]
[EventCategory "10"]
[Source "lmi"]
[SourceDate "2014.06.14"]

1. e4 c5 2. Nf3 d6 3. d4 cxd4 4. Qxd4 a6 5. h3 Nc6 6. Qe3 Nf6 7. c4 g6 8. Nc3
Bg7 9. Be2 O-O 10. O-O Nd7 11. Bd2 Nde5 12. Nxe5 dxe5 13. Nd5 Nd4 14. Bb4 Re8
15. Bc5 Be6 16. Bb6 Qd6 17. c5 Qc6 18. Nc7 Nc2 19. Qd3 Nxa1 20. Nxa8 Rxa8 21.
Rxa1 Qa4 22. Bg4 f5 23. Bf3 Bc4 24. Qd1 Qb4 25. exf5 e4 26. Bxe4 Qxb2 27. Rc1
Bxa2 28. fxg6 hxg6 29. Bxb7 Rb8 30. Bxa6 Ra8 31. Rc2 Qb1 32. Bc4+ Kh7 33. Rc1
Qb2 34. Qc2 Qxc2 35. Rxc2 Bb1 36. Re2 Ra1 37. Re1 Bc3 38. Rxe7+ Kh6 39. Kh2 Bd4
40. Re1 Bxf2 41. Rd1 1-0

[Event "32. Balaton Festival 2014 - GM"]
[Site "Balatonboglár"]
[Date "2014.06.19"]
[Round "7.2"]
[White "Donchenko, Alexander"]
[Black "Czebe, Attila"]
[Result "1-0"]
[WhiteElo "2492"]
[BlackElo "2411"]
[PlyCount "51"]
[EventDate "2014.06.14"]
[EventType "tourn"]
[EventRounds "9"]
[EventCountry "HUN"]
[EventCategory "10"]
[Source "lmi"]
[SourceDate "2014.06.14"]

1. c4 e5 2. g3 Nc6 3. Nc3 Nf6 4. Bg2 Bc5 5. Nf3 d6 6. O-O a6 7. d3 h6 8. a3 O-O
9. b4 Ba7 10. Bb2 Be6 11. Rc1 Qd7 12. e3 Bh3 13. Nd5 Nxd5 14. Bxh3 Qxh3 15.
cxd5 Ne7 16. e4 Bb6 17. a4 a5 18. bxa5 Bxa5 19. d4 f5 20. dxe5 fxe4 21. Nd2 Ng6
22. Nxe4 Qf5 23. exd6 Qxe4 24. dxc7 Bb6 25. Qb3 Bd4 26. d6+ 1-0

[Event "32. Balaton Festival 2014 - GM"]
[Site "Balatonboglár"]
[Date "2014.06.19"]
[Round "7.3"]
[White "Fernandez, Daniel Howard"]
[Black "Gonda, Laszlo"]
[Result "1/2-1/2"]
[WhiteElo "2377"]
[BlackElo "2563"]
[PlyCount "76"]
[EventDate "2014.06.14"]
[EventType "tourn"]
[EventRounds "9"]
[EventCountry "HUN"]
[EventCategory "10"]
[Source "lmi"]
[SourceDate "2014.06.14"]

1. g3 d5 2. Nf3 c6 3. Bg2 Bg4 4. h3 Bh5 5. d4 e6 6. O-O Nd7 7. Bf4 Ngf6 8. c3
Be7 9. Nbd2 h6 10. Qb3 Qb6 11. Rfe1 O-O 12. e4 g5 13. Be5 Bg6 14. Bxf6 Bxf6 15.
exd5 cxd5 16. Qxb6 Nxb6 17. a4 a5 18. Bf1 Rfd8 19. Re3 Nc8 20. Bd3 Bxd3 21.
Rxd3 Nd6 22. Kg2 Rdc8 23. Re1 b5 24. Ne5 Bxe5 25. dxe5 Nc4 26. Nxc4 Rxc4 27.
axb5 Rb8 28. b3 Rc5 29. h4 Rcxb5 30. hxg5 hxg5 31. Ra1 Rxb3 32. Rxa5 Rc8 33.
Ra4 Rcxc3 34. Rxc3 Rxc3 35. Rg4 f6 36. exf6 Kf7 37. Rxg5 Kxf6 38. f4 Rc2+
1/2-1/2

[Event "32. Balaton Festival 2014 - GM"]
[Site "Balatonboglár"]
[Date "2014.06.20"]
[Round "8.1"]
[White "Baumegger, Siegfried"]
[Black "Fernandez, Daniel Howard"]
[Result "1-0"]
[WhiteElo "2479"]
[BlackElo "2377"]
[PlyCount "52"]
[EventDate "2014.06.14"]
[EventType "tourn"]
[EventRounds "9"]
[EventCountry "HUN"]
[EventCategory "10"]
[Source "lmi"]
[SourceDate "2014.06.14"]

1. d4 d5 2. c4 e6 3. Nc3 Be7 4. Nf3 Nf6 5. Bg5 a6 6. e3 O-O 7. Qc2 dxc4 8. Bxc4
h6 9. Bxf6 Bxf6 10. O-O Nd7 11. Rfd1 b5 12. Bd3 Bb7 13. Bh7+ Kh8 14. Be4 c6 15.
Rac1 Qb6 16. Ne2 Rac8 17. b4 a5 18. a3 axb4 19. axb4 Be7 20. Qb3 Nf6 21. Bb1
Qa7 22. Ne5 Bd6 23. Nf4 Kg8 24. Nxe6 Bxe5 25. dxe5 Rfe8 26. exf6 fxe6 1-0

[Event "32. Balaton Festival 2014 - GM"]
[Site "Balatonboglár"]
[Date "2014.06.20"]
[Round "8.2"]
[White "Gonda, Laszlo"]
[Black "Donchenko, Alexander"]
[Result "1/2-1/2"]
[WhiteElo "2563"]
[BlackElo "2492"]
[PlyCount "48"]
[EventDate "2014.06.14"]
[EventType "tourn"]
[EventRounds "9"]
[EventCountry "HUN"]
[EventCategory "10"]
[Source "lmi"]
[SourceDate "2014.06.14"]

1. c4 c5 2. Nf3 Nc6 3. Nc3 Nf6 4. d4 cxd4 5. Nxd4 e6 6. Bf4 d5 7. e3 Bb4 8.
Nxc6 bxc6 9. Qa4 Qb6 10. Be2 O-O 11. O-O Be7 12. Qc2 Ba6 13. Na4 Qa5 14. b3 Nd7
15. a3 Rfc8 16. b4 Qd8 17. Rfd1 Qf8 18. Bd3 h6 19. Qb3 Nb6 20. Nxb6 axb6 21. b5
dxc4 22. Bxc4 Bxb5 23. Bxb5 cxb5 24. Qxb5 Bxa3 1/2-1/2

[Event "32. Balaton Festival 2014 - GM"]
[Site "Balatonboglár"]
[Date "2014.06.20"]
[Round "8.3"]
[White "Czebe, Attila"]
[Black "Varga, Zoltan"]
[Result "1/2-1/2"]
[WhiteElo "2411"]
[BlackElo "2464"]
[PlyCount "48"]
[EventDate "2014.06.14"]
[EventType "tourn"]
[EventRounds "9"]
[EventCountry "HUN"]
[EventCategory "10"]
[Source "lmi"]
[SourceDate "2014.06.14"]

1. d4 d5 2. Nf3 Nf6 3. c4 c6 4. Nbd2 g6 5. g3 Bg7 6. Bg2 O-O 7. O-O Ne4 8. e3
Nxd2 9. Nxd2 dxc4 10. Nxc4 Be6 11. Qe2 Bd5 12. Bd2 Bxg2 13. Kxg2 Nd7 14. Rfd1
Nb6 15. Rac1 Nxc4 16. Rxc4 Qd7 17. Bb4 Rfd8 18. e4 e6 19. Qf3 f5 20. Ba5 Re8
21. Qe3 fxe4 22. Qxe4 Qd5 23. Qxd5 exd5 24. Rc2 Re4 1/2-1/2